Polt̕ica social para la equidad en Colombia Historia y experiencias /

Detalles Bibliográficos
Autor principal: Urrutia Montoya, Miguel
Otros Autores: Robles Bèz, Christian
Formato: eBook
Lenguaje:español
Publicado: Bogot:̀ Universidad de Los Andes (Colombia), 2021
Materias:
Acceso en línea:Acceso restringido

MARC

LEADER 00000nam a22000007a 4500
005 2021100707407.0
007 cr|||| ||||
008 211007s2021 co |||||s|||| 00||0 spa d
020 |a 978-958-798-081-3 
035 |a 35220 
040 |a vLex 
090 |c 12511  |d 12511 
100 1 |a Urrutia Montoya, Miguel 
245 1 0 |a Polt̕ica social para la equidad en Colombia  |h [Recurso electrn̤ico] :  |b Historia y experiencias /  |c Miguel Urrutia Montoya, Christian Robles Bèz 
256 |a Servicio en ln̕ea 
260 |a Bogot:̀  |b Universidad de Los Andes (Colombia),  |c 2021 
300 |a 1 recurso electrn̤ico 
506 1 |a Disponible solo en los productos indicados  |d vLex Global  |d vLex Global (Academic Edition, excluding Law Schools)  |d vLex Global (U.S. Academic Edition, Law Schools)  |d vLex Global (U.S. Academic Edition, excluding Law Schools)  |d vLex Global (Academic Edition, Law Schools) 
650 0 4 |a Ciencias sociales  |z Colombia 
700 1 |a Robles Bèz, Christian 
740 0 |a vLex Libros (Servicio en ln̕ea) 
856 4 0 |u https://app.vlex.com/#/sources/35220  |z Acceso restringido 
942 |c BOOK 
999 0 |a Social Sciences